Online Catalogue and eLibrary

Mind body identity theories (Record no. 715)

MARC details
000 -LEADER
fixed length control field 00407nam a2200169Ia 4500
005 - DATE AND TIME OF LATEST TRANSACTION
control field 20240628023028.0
008 - FIXED-LENGTH DATA ELEMENTS--GENERAL INFORMATION
fixed length control field 240331s9999 xx 000 0 und d
020 ## - INTERNATIONAL STANDARD BOOK NUMBER
ISBN 0415071046
082 ## - DDC Classification
Class No. 128.2
Item Number - Author Mark MAC
100 ## - MAIN ENTRY--PERSONAL NAME
Personal name Macdonald, C
245 #0 - TITLE STATEMENT
Title Mind body identity theories
260 ## - PUBLICATION, DISTRIBUTION, ETC.
Place of publication, distribution, etc. London
Name of publisher, distributor, etc. Routledge
Date of publication, distribution, etc. 1989
300 ## - PHYSICAL DESCRIPTION
Extent (e.g. Volumes, Pages etc.) xiii, 255 p .,
650 ## - SUBJECT ADDED ENTRY--TOPICAL TERM
Topical term or geographic name entry element philosophy
650 ## - SUBJECT ADDED ENTRY--TOPICAL TERM
Topical term or geographic name entry element Mind and body
942 ## - Koha item type (Biblio)
Koha item type Books in Stacks (Lending)
Holdings
Lost status Damaged status Collection code Home library Current library Shelving location Date acquired Full call number Accession Number Item type
    Lending WERC Library WERC Library Social Science Cupboard 03/31/2024 128.2 MAC 5067 Books in Stacks (Lending)

© WERC Library